Contribution áa l'étude clinique de la paralysie générale en Espagne / (Record no. 131889)

MARC details
000 -LEADER
campo de control de longitud fija 00745nam a2200205 i 4500
001 - NÚMERO DE CONTROL
campo de control 131889
003 - IDENTIFICADOR DE NÚMERO DE CONTROL
campo de control ES-MaACL
005 - FECHA Y HORA DE LA ÚLTIMA TRANSACCIÓN
campo de control 20230906194051.0
007 - CAMPO FIJO DE DESCRIPCIÓN FÍSICA--INFORMACIÓN GENERAL
campo de control de longitud fija t|
008 - DATOS DE LONGITUD FIJA--INFORMACIÓN GENERAL
campo de control de longitud fija 070214s1906 sp |||| | fre d
100 1# - ENTRADA PRINCIPAL--NOMBRE DE PERSONA
Nombre de persona Rodríguez-Morini, Antonio.
9 (RLIN) 98686
245 10 - MENCIÓN DEL TÍTULO
Título Contribution áa l'étude clinique de la paralysie générale en Espagne /
Mención de responsabilidad, etc. A. Rodríguez-Morini.
260 ## - PUBLICACIÓN, DISTRIBUCIÓN, ETC.
Lugar de publicación, distribución, etc. Barcelone :
Nombre del editor, distribuidor, etc. [s. n.],
Fecha de publicación, distribución, etc. 1906 (
Fabricante Tip. La Académica)
300 ## - DESCRIPCIÓN FÍSICA
Extensión 23 p.
500 ## - NOTA GENERAL
Nota general Precede al tít.: XV Congrès International de Médecine, Lisbonne, 19 áa 26 avril 1906.
650 #4 - PUNTO DE ACCESO ADICIONAL DE MATERIA--TÉRMINO DE MATERIA
Término de materia o nombre geográfico como elemento de entrada Parálisis.
9 (RLIN) 148549
711 2# - ENTRADA AGREGADA--NOMBRE DE REUNIÓN
Nombre de congreso/reunión o jurisdicción como elemento de entrada Congrès International de Medecine (
Sede del congreso/Lugar de la reunión Lisboa (
Fecha del congreso o de la firma del tratado 1906) (
Número del congreso/reunión o número de parte o sección . 15º)
9 (RLIN) 219804
852 ## - LOCALIZACIÓN
Ubicación ES-MaACL
Número de control de estantería T-1081-F-5
Holdings
Estatus retirado Estado de pérdida Estado de daño No para préstamo Colección Biblioteca de origen Biblioteca actual Ubicación en estantería Fecha de adquisición Fuente de adquisición Total de préstamos Signatura topográfica completa Código de barras Visto por última vez Precio de reemplazo Tipo de ítem Koha
        Colección de folletos Biblioteca del Ateneo de Madrid Biblioteca del Ateneo de Madrid Depósito folletos 17/01/2008     T-1081-F-5 1137308 23/02/2023 23/02/2023 Folleto